| 000 -LEADER |
| fixed length control field |
00728nam a2200229Ia 4500 |
| 020 ## - INTERNATIONAL STANDARD BOOK NUMBER |
| ISBN |
1863201718 |
| 020 ## - INTERNATIONAL STANDARD BOOK NUMBER |
| ISBN |
9781863201711 |
| 040 ## - CATALOGING SOURCE |
| Transcribing agency |
OSU |
| 082 ## - DEWEY DECIMAL CLASSIFICATION NUMBER |
| Classification number |
632 HIG 1996 C342 Or. |
| 100 ## - MAIN ENTRY--AUTHOR NAME |
| Personal name |
E. Highley |
| 245 10 - TITLE STATEMENT |
| Title |
Mycotoxin contamination in grains : |
| Remainder of title |
papers presented at the 17th ASEAN Technical Seminar on Grain Postharvest Technology, Lumut, Malaysia, 25-27 July 1995/ |
| 246 30 - VARYING FORM OF TITLE |
| Title proper/short title |
Priorities for the nineties |
| 246 30 - VARYING FORM OF TITLE |
| Title proper/short title |
Proceedings of the twelfth ASEAN Seminar on Grain Postharvest Technology |
| 300 ## - PHYSICAL DESCRIPTION |
| Number of Pages |
145 pages : |
| Other physical details |
illustrations ; |
| Dimensions |
24 cm |
| 650 #0 - SUBJECT ADDED ENTRY--TOPICAL TERM |
| Topical Term |
Grain |
| 650 #0 - SUBJECT ADDED ENTRY--TOPICAL TERM |
| Topical Term |
Grain |
| 650 #0 - SUBJECT ADDED ENTRY--TOPICAL TERM |
| Topical Term |
Grain |
| 650 #0 - SUBJECT ADDED ENTRY--TOPICAL TERM |
| Topical Term |
Grain |
| 700 1# - ADDED ENTRY--PERSONAL NAME |
| Personal name |
Naewbanij, J. O. |
| 710 2# - ADDED ENTRY--CORPORATE NAME |
| Corporate name or jurisdiction name as entry element |
ASEAN. |
| 942 ## - ADDED ENTRY ELEMENTS (KOHA) |
| Koha item type |
ADB |
| 952 ## - LOCATION AND ITEM INFORMATION (KOHA) |
| Withdrawn status [LOCAL, KOHA] |
0 |